|
|
|
|
| LEADER |
01257nam a22003258a 4500 |
| 001 |
30755 |
| 003 |
BD-DhAAL |
| 005 |
20160105204648.0 |
| 008 |
160105s1998 maua 000 0 eng |
| 010 |
|
|
|a 97012514
|
| 020 |
|
|
|a 0070005095
|
| 040 |
|
|
|a DLC
|c DLC
|d BD-DhAAL
|
| 042 |
|
|
|a pcc
|
| 050 |
0 |
0 |
|a HV6025
|b .A35 2013
|
| 082 |
0 |
0 |
|a 364
|2 21
|
| 100 |
1 |
|
|a Adler, Freda.
|9 15543
|
| 245 |
1 |
0 |
|a Criminology /
|c Freda Adler, Gerhard O.W. Mueller, William S. Laufer.
|
| 250 |
|
|
|a 3rd ed.
|
| 260 |
|
|
|a Boston, Mass. :
|b McGraw-Hill,
|c c1998.
|
| 300 |
|
|
|a xxiii, 552 p. :
|b ill. (some col.) ;
|c 26 cm.
|
| 504 |
|
|
|a Includes bibliographical references and indexes.
|
| 526 |
|
|
|a SOL
|
| 541 |
|
|
|e 30755, 30756
|
| 650 |
|
0 |
|a Criminology.
|9 10555
|
| 700 |
1 |
|
|a Mueller, Gerhard O. W.
|9 15544
|
| 700 |
1 |
|
|a Laufer, William S.
|9 15545
|
| 942 |
|
|
|2 ddc
|c BK
|
| 999 |
|
|
|c 35835
|d 35835
|
| 952 |
|
|
|0 0
|1 0
|2 ddc
|4 0
|6 364_000000000000000_ADL
|7 0
|9 57527
|a BRACUL
|b BRACUL
|c GEN
|d 2016-01-05
|e R K Corporation
|g 10900.00
|l 8
|m 57
|o 364 ADL
|p 3010030755
|r 2026-05-16
|s 2026-03-05
|t 1
|w 2016-01-05
|y BK
|
| 952 |
|
|
|0 0
|1 0
|2 ddc
|4 0
|6 364_000000000000000_ADL
|7 0
|9 57528
|a BRACUL
|b BRACUL
|c GEN
|d 2016-01-05
|e R K Corporation
|g 10900.00
|l 13
|m 87
|o 364 ADL
|p 3010030756
|r 2024-11-16
|s 2024-11-10
|t 2
|w 2016-01-05
|y BK
|